ბათუმის შოთა რუსთაველის სახელმწიფო უნივერსიტეტის ბიბლიოთეკა

Красноземные и подзолистые почвы Грузии и их использование под субтропические культуры (ბიბ.ჩანაწერი № 45851)

000 -LEADER
fixed length control field 00831nam a2200217Ia 4500
001 - CONTROL NUMBER
control field 12680
003 - CONTROL NUMBER IDENTIFIER
control field GE_BSU
008 - FIXED-LENGTH DATA ELEMENTS--GENERAL INFORMATION
fixed length control field 181216s||||||||xx |||||||||||||| ||und||
040 ## - CATALOGING SOURCE
Transcribing agency GE_BSU
080 ## - UNIVERSAL DECIMAL CLASSIFICATION NUMBER
Universal Decimal Classification number 631.4
100 ## - MAIN ENTRY--PERSONAL NAME
Personal name Дараселия,М.К.
245 ## - TITLE STATEMENT
Title Красноземные и подзолистые почвы Грузии и их использование под субтропические культуры
245 ## - TITLE STATEMENT
Statement of responsibility, etc. Отв.ред.И.Д.Гамкрелидзе
260 ## - PUBLICATION, DISTRIBUTION, ETC.
Place of publication, distribution, etc. Махарадзе-Анасеули
260 ## - PUBLICATION, DISTRIBUTION, ETC.
Name of publisher, distributor, etc. ВНИИЧ и СК
260 ## - PUBLICATION, DISTRIBUTION, ETC.
Date of publication, distribution, etc. 1949
300 ## - PHYSICAL DESCRIPTION
Extent 448стр.21см.
653 ## - INDEX TERM--UNCONTROLLED
Uncontrolled term Красноземные и подзолистые почвы Грузии и их использование под субтропические культуры
942 ## - ADDED ENTRY ELEMENTS (KOHA)
Koha item type წიგნი
ეგზემპლარები
Withdrawn status Lost status Damaged status Not for loan Date acquired Barcode Date last seen Price effective from Koha item type
        2018-12-17 20939 2018-12-17 2018-12-17 წიგნი